000 00810nam a22001935i 4500
001 158112
003 ES-MaACL
005 20250811144622.0
008 990301s1882 sp |||| | spa d
040 _aCCPB | B
_bspa
_cCCPB | B
100 1 _aLorenzo y Leal, Baldomero de.
_9129076
245 1 0 _aSan Gregorio VII
_b: memoria leida en los ejercicios del grado de Doctor en Filosofía y Letras /
_cpor el presbítero Baldomero de Lorenzo y Leal.
260 _aMadrid :
_b[s.n.],
_c1882 (
_fImprenta de El Dia á cargo de Lúcas Polo)
300 _a36 p. ;
_c23 cm.
510 4 _aPalau,
_c142462
600 0 7 _aGregorio
_b. VII,
_cpapa, santo,
_dca.1020-1085
_2
_9127552
852 _aES-MaACL
_jT-352-F-17
_z-- Enc. hol.
_q-- Falto de la cub. original
_z-- Enc. en un vol. facticio
999 _c158112
_d158112